000 00924nam a2200289Ia 4500
001 C0251
003 IT-RoPAU
008 130308s9999 xx 000 0 und d
040 _aIT-RoPAU
040 _cIT-RoPAU
041 _aITALIANO
100 _aColombo Fausto
100 _gCodice Aut. SPICS: 14748
245 _a"Sfide (Le), i ""tribunali"", le opzioni per una tv di qualità alla luce dello scenario italiano"
245 _bQualita' televisiva (La)
250 _a1a ed.
260 _aMILANO
260 _bBompiani
260 _c1993 [1° Ed.:1993 - Ed.Ling.Originale:1993]
300 _a"31 p. (prefazione: no ; testo: 31 [pagine: 181-211])"
500 _aSole della Qualità. Quattro Modi di Rispondere Alla Sfida della Qualita'.Tribunali della Qualità. produrre Qualita'.
650 _aLINGUAGGIO TELEVISIVO
650 _eCodice materia Spics: 6954
942 _cBK
957 _71
999 _c84507
_d84507
999 _g1